| 000 | 00000nam##2200000za#4500 |
| 001 | 9.576597 |
| 003 | CaOODSP |
| 005 | 20210624185219 |
| 007 | cr ||||||||||| |
| 008 | 150406|1985||||xxc|||||o f|0| 0 eng|d |
| 040 | |aCaOODSP|beng |
| 043 | |an-cn--- |
| 086 | 1 |aFs97-13/552E-PDF |
| 110 | 1 |aCanada. |bDepartment of Fisheries and Oceans. |
| 245 | 10|aLake Ontario Long Term Biological Monitoring Program - 1981, 1982 data base / |h[electronic resource]|cby Ora. E. Johannsson ... [et al.]. |
| 260 | |aBurlington - Ontario : |bFisheries and Oceans Canada |c1985. |
| 300 | |a110p.|breferences |
| 490 | 1 |aCanadian data report of fisheries and aquatic sciences|vNo. 552 |
| 500 | |aOn t.p.: Great Lakes Fisheries Research Branch, Burlington, Ontario. Catalogue number of the print edition appears in the PDF version. |
| 546 | |a(Résumé en français) |
| 590 | |a13-16-Supp|b2013-07-12 |
| 720 | 1 |aJohannsson, Ora E. |
| 830 | #0|aCanadian data report of fisheries and aquatic sciences ;|vNo. 552|w(CaOODSP)9.505124 |
| 856 | 40|ahttp://publications.gc.ca|qPDF|s1555 KB|uhttps://publications.gc.ca/collections/collection_2013/mpo-dfo/Fs97-13-552-eng.pdf|yNo. 552 |